God`s RX for a hurting heart. (Record no. 12640)

000 -LEADER
fixed length control field 00539nam a2200181 a 4500
001 - CONTROL NUMBER
control field :::00010449$&:&@@
003 - CONTROL NUMBER IDENTIFIER
control field OkBaRHE
005 - DATE AND TIME OF LATEST TRANSACTION
control field 20000607103359.0
008 - FIXED-LENGTH DATA ELEMENTS--GENERAL INFORMATION
fixed length control field s1984 j 000 0 eng u
040 ## - CATALOGING SOURCE
Transcribing agency
100 1# - MAIN ENTRY--PERSONAL NAME
Personal name Hickey, Marilyn.
245 10 - TITLE STATEMENT
Title God`s RX for a hurting heart.
260 ## - PUBLICATION, DISTRIBUTION, ETC. (IMPRINT)
Place of publication, distribution, etc Denver, CO., :
Name of publisher, distributor, etc Marilyn Hickey Ministries
Date of publication, distribution, etc c1984
300 ## - PHYSICAL DESCRIPTION
Extent 97 p. ;
Dimensions 17 cm.
650 ## - SUBJECT ADDED ENTRY--TOPICAL TERM
Topical term or geographic name as entry element Christian Life
942 ## - ADDED ENTRY ELEMENTS (KOHA)
Source of classification or shelving scheme
Koha item type Books
Copies
Price effective from Not for loan Full call number Withdrawn status Shelving location Barcode Koha item type Damaged status Date acquired Date last seen Lost status Copy number Source of classification or shelving scheme Permanent Location
2010-04-14 BV 4501 .H5 General Stacks10449Books 2010-04-142010-04-14 1 RHEMA Bible Training College